000 00918nam a2200265Ia 4500
003 OSt
005 20220923222037.0
006 a|||||r|||| 00| 0
007 ta
008 tel
024 _a202,695
037 _cTextual
040 _aARTS
_cARTS
_btel
041 _2tel
_atel
082 _aO35,1M62w, 152M0
100 _aनार्ल, वी आर; राव, पाडुरंग, अनु.
_9165765
245 0 _aगुरजाड
246 _aGurajāḍa
260 _aनई दिल्ली
_b साहित्य अकादमी
_c1980
300 _a97पृ0
_ccm.
490 _aभारतीय साहित्य के निर्माता
650 _aतेलुगु साहित्य
_9156264
942 _hO35,1M62w, 152M0
_cTEXL
_2CC
999 _c353519
_d353519